All Robin Hood characters by sreen time - Statistics

General Stats
  • This quiz has been taken 19 times
  • The average score is 7 of 20
Answer Stats
% Of Movie Screen Time Answer % Correct
23.86 19:48 Robin Hood
100%
16.55 13:44 Little John
93%
19.92 16:32 Prince John
93%
13.73 11:24 Sheriff of Nottingham
93%
10.18 8:27 Marian
87%
8.47 7:02 Friar Tuck
67%
13.31 11:03 Sir Hiss
53%
4.72 3:55 Toby
27%
2.23 1:51 Nutsy
20%
8.69 7:13 Skippy
20%
3.67 3:03 Trigger
20%
3.21 2:40 Mother Rabbit
13%
13.39 11:07 Alan-a-dale
7%
6.53 5:25 Lady Kluck
7%
5.02 4:10 Sis
7%
1.39 1:09 Captain
0%
3.84 3:11 Otto
0%
2.63 2:11 Sexton
0%
1.61 1:20 Sexton's Wife
0%
4.38 3:38 Tagalong
0%
No matching quizzes found
Score Distribution
Percent of People with Each Score
Percentile by Number Answered
Your Score History
You have not taken this quiz